00828nam a2200253 u 450000100070000000500170000700800410002402000150006503500110008003500210009104000130011204100080012508200080013310000340014124500700017526000430024530000350028860000400032365000580036365000270042165000200044865000230046870000830049172259720260506092802.0020226s2001 spa  a9586950468 a722597 a(OCoLC)777817495 ccomduadb aspa 4a98010aCastañeda, Felipe4edteedt10aConcepciones de la conquista : aproximaciones interdisciplinarias aBogotá :bEdiciones Uniandes,c2001. a414 páginas :bilustraciones14aHumboldt, Alexander von,d1769-1859 aAmérica - Descubrimiento y exploraciones - España 0aResistencia indígena aAfrocolombianos 7aEsclavitud2armarc10aVollet, Matthias,d1965-4edt0(isni)0000 0003 8569 33460(viaf)235988466eedt